| 000 | 00774cam a22002411 4500 | ||
|---|---|---|---|
| 001 | rc 01000722 | ||
| 003 | DLC | ||
| 005 | 20260227111901.0 | ||
| 008 | 871014s1885 cauac s 000 0 eng | ||
| 010 | _arc 01000722 | ||
| 035 | _a(OCoLC)16851889 | ||
| 040 |
_aDLC _cCLU _dDLC |
||
| 042 | _apremarc | ||
| 050 | 0 | 0 |
_aF861 _b.L78 |
| 100 | 1 | _aLivingstone, Rinaldo R. | |
| 245 | 0 | 0 | _aLivingstone's historical and statistical chart of California. |
| 260 |
_a[San Francisco, _c1885] |
||
| 300 |
_a1 p. l., 5 double l., 1 l. _billus. (incl. ports.) _c42 x 35 cm. |
||
| 500 | _aCaption title. | ||
| 500 | _a"Introduction" signed and dated: Rinaldo R. Livingstone. San Francisco, Cal., March 10, 1885. | ||
| 651 | 0 |
_aCalifornia _xHistory. |
|
| 651 | 0 |
_aCalifornia _vStatistics. |
|
| 999 |
_c51883 _d51883 |
||